[Event "WCPL Open"]
[Site "Bridgend"]
[Date "2025.03.23"]
[Round "4.3"]
[Board "4"]
[White "Choo Yin, Kam"]
[Black "MacNeil, Elliott"]
[Result "0-1"]
[WhiteElo "1759"]
[BlackElo "1874"]
[PlyCount "94"]
[GameId "2158713853913312"]
[EventDate "2025.03.23"]
[EventType "team-tourn"]
[EventRounds "5"]
[EventCountry "WLS"]
[WhiteTeam "North Cardiff"]
[BlackTeam "Rhyfelwyr Essyllwg"]

1. c4 f5 2. Nc3 Nf6 3. g3 g6 4. Bg2 Bg7 5. d3 d6 6. Bd2 Nc6 7. e3 e5 8. Nge2 a5 9. Rb1 Nb4 10. Bc1 c6 11. a3 Na6 12. O-O Qb6 13. Bd2 Be6 14. Qe1 Nc5 15. Nc1 a4 16. e4 fxe4 17. Nxe4 Nfxe4 18. Bxe4 Nxe4 19. Qxe4 O-O 20. Be3 Qc7 21. Ne2 Bf5 22. Qg2 Bxd3 23. Rbe1 Bxc4 24. Nc3 Bxf1 25. Kxf1 d5 26. Bd2 Qb6 27. Bc1 Rf7 28. Nd1 Raf8 29. Re2 Qa6 30. Bd2 e4 31. Bb4 Rd8 32. Qh3 Bf8 33. Bxf8 Rdxf8 34. Qe6 Qc4 35. Ne3 Qd4 36. Ng4 Kh8 37. Kg2 Kg7 38. h4 h5 39. Ne5 Rxf2+ 40. Kh3 R2f6 41. Qe7+ Kg8 42. Nd7 R8f7 43. Qe8+ Kg7 44. Ne5 Rf1 45. Qe6 Rh1+ 46. Rh2 Rxh2+ 47. Kxh2 Qf2+ 0-1

[Event "WCPL Open"]
[Site "Bridgend"]
[Date "2025.03.23"]
[Round "4.3"]
[Board "5"]
[White "Van Kemenade, Rudy"]
[Black "Mckenna, Joshua"]
[Result "1-0"]
[Annotator "Van Kemenade,Rudy"]
[WhiteElo "2037"]
[BlackElo "1789"]
[PlyCount "67"]
[GameId "2156064391283067"]
[EventDate "2025.03.23"]
[EventType "team-tourn"]
[EventRounds "5"]
[EventCountry "WLS"]
[WhiteTeam "Rhyfelwyr Essyllwg"]
[BlackTeam "North Cardiff"]

{[%evp 0,67,11,19,28,51,34,22,39,29,38,-2,19,19,38,110,117,103,112,122,104,116,124,101,106,70,63,71,54,44,40,52,31,39,66,58,77,73,83,30,93,109,184,257,206,222,227,254,328,328,343,372,557,602,558,568,568,494,409,489,541,488,588,673,675,695,752,615,705,576]} 1. e4 c6 2. d4 d5 3. e5 c5 4. Nf3 Bg4 5. c4 {Bl had not come across this before. Wh had been showing a club member some of these lines on the preceding Thursday.} (5. dxc5 {main} e6 6. b4 Nc6 7. Bb5 Nge7 8. Nbd2 a6 9. Ba4 b5 10. cxb6 Qxb6 11. c3 Ng6 12. h3 Bxf3 13. Nxf3 Be7 14. O-O O-O 15. Re1 Qc7 16. Qe2 d4 17. cxd4 Nxb4 18. Bd2 Nd5 19. Rec1 Qa7 20. Bc6 Rad8 21. Rab1 Rb8 22. Bxd5 exd5 23. a4 Nh4 24. Nxh4 Bxh4 25. Qg4 Rxb1 26. Rxb1 Qe7 27. g3 Bxg3 28. Qxg3 f6 29. e6 Qxe6 30. Rb7 Rf7 31. Qb8+ Rf8 32. Qc7 Rf7 33. Qxf7+ Qxf7 34. Rxf7 Kxf7 35. Ba5 {1-0 Clarke,J (1674)-McKenna,J (1642) Daventry 4NCL op-A 30th 2023 (3)}) 5... cxd4 {main} 6. cxd5 Qa5+ (6... Qxd5 {main} 7. Nc3 Bxf3 8. Nxd5 Bxd1 9. Nc7+ Kd7 10. Nxa8 Bc2 $14) 7. Qd2 {Cloud Engines} (7. Nbd2 {considered by Wh} Qxd5 8. Bc4 Qd7 (8... Qd8 $2 9. Bxf7+ Kxf7 10. Ng5+ Ke8 11. Qxg4 {Van Kemenade-Reyneke, WorldChess 2023,1-0}) 9. Qb3 e6 10. Nxd4 $1 $16 {SF17 missed by Wh}) 7... Qxd5 8. Nc3 Qc5 9. Qxd4 Qxd4 10. Nxd4 Nc6 (10... Nd7 11. h3 Bh5 12. e6 $18 {played in club on Thursday}) (10... a6 11. Nd5 Ra7 12. e6 $18 {SF17}) 11. Nxc6 {gives Bl a permanent weakness to worry about} (11. Be3 Nxd4 (11... Nxe5 12. h3 Bd7 13. Ndb5 Kd8 14. O-O-O Nc6 15. g4 $18 {SF17}) 12. Bxd4 a6 13. h3 Bf5 14. Rd1 $18 {SF17}) 11... bxc6 12. Bc4 (12. Be3 $18) (12. Ba6 {2nd line, SF17, considered}) 12... e6 13. Be3 Ne7 (13... Bb4 14. Rc1 Ne7 15. a3 Ba5 16. O-O $16 {SF17}) 14. Ne4 (14. h3 Bf5 15. Rc1 Nd5 16. Nxd5 exd5 (16... cxd5 17. Bb5+) 17. Ba6 $18 {SF17}) 14... Nd5 15. Bc5 Bxc5 (15... a5 $11 {SF17, but humans need to play it very accurately}) 16. Nxc5 Nb6 {retreating Bl's best placed piece} (16... Ke7 {vk}) 17. Ba6 O-O 18. f3 Bf5 19. Rc1 (19. Ke2 {original idea, covering e3 and getting Rs to d1}) 19... Nd5 (19... Rad8 20. Bb7 (20. f4 Rd4 21. g3 Rfd8 22. Be2 Na4 23. Nb3 Rb4 24. O-O c5 25. Rfd1 Rxd1+ 26. Rxd1 h6 $11 {SF17}) 20... h5 21. Bxc6 Rc8 22. Bb5 Rfd8 23. Ba6 Rc7 24. b4 Rd5 $11 {SF17}) 20. a3 Ne3 (20... Rab8 21. b4 $16 {SF17}) 21. Kf2 $18 (21. g4 $18 {pm analysis}) 21... Nc2 22. g4 {depriving the N of the f5 square, and keeping f4-5 in reserve} Bg6 23. Rhd1 Rfd8 24. Nd7 $18 c5 25. Bb7 Nd4 26. Bxa8 Rxa8 27. Rxc5 Nb3 28. Rb5 (28. Rc7 $18 {original idea}) (28. Rc3 Na5 29. b4 Nb7 30. Rc7 Nd8 31. Rdc1 $18 {SF17}) 28... Bc2 29. Rd6 Nc1 30. Ke3 Ba4 31. Ra5 Bxd7 32. Rxd7 Nb3 33. Raxa7 Rf8 34. Rdc7 {traps the unfortunate N, far away from home.} 1-0

[Event "WCPL Open"]
[Site "Bridgend"]
[Date "2025.03.23"]
[Round "4.3"]
[Board "6"]
[White "Kennedy, Alex"]
[Black "Jones, Derek C"]
[Result "1-0"]
[Annotator "Home"]
[WhiteElo "1669"]
[BlackElo "1962"]
[PlyCount "79"]
[GameId "2158717345700165"]
[EventDate "2025.03.23"]
[EventType "team-tourn"]
[EventRounds "5"]
[EventCountry "WLS"]
[WhiteTeam "North Cardiff"]
[BlackTeam "Rhyfelwyr Essyllwg"]

{[%evp 0,61,22,20,27,83,8,2,10,57,15,17,25,19,4,0,2,9,10,-5,0,2,35,-9,-3,-16,-23,5,23,14,14,-47,-102,-42,-88,-98,-210,-101,-111,-114,-90,-141,-153,-134,-134,-118,-115,-263,-136,-139,-117,-226,-220,-186,-181,-170,-119,-156,-90,-199,-150,-347,-96,-159]} 1. e4 c5 2. Nc3 Nc6 3. Bb5 Nd4 4. Nf3 g6 5. O-O Bg7 6. Bc4 e6 7. Nb5 Nxb5 8. Bxb5 Ne7 9. d4 cxd4 10. Nxd4 Nc6 11. Nxc6 bxc6 12. Be2 O-O 13. Qd6 Qa5 14. a3 Be5 15. Qb4 Qc7 16. g3 Rb8 17. Qd2 Bxb2 18. Bxb2 Rxb2 19. Rfb1 Qb6 20. Rxb2 Qxb2 21. Qc1 Qd4 22. Bd3 d5 23. exd5 exd5 24. Rb1 c5 25. Qg5 c4 26. Bf1 Be6 27. h4 Kg7 28. Bg2 Qc3 29. Rb7 Qxc2 30. h5 Qf5 31. h6+ Kg8 32. Qe7 Qe5 33. g4 d4 34. Rb5 Qf4 35. Rf5 Qc1+ 36. Bf1 Bxf5 37. g5 Bd3 38. Qf6 Qxf1+ 39. Kh2 Qxf2+ 40. Qxf2 1-0

[Event "WCPL U-1850"]
[Site "Bridgend"]
[Date "2025.03.23"]
[Round "5.1"]
[Board "1"]
[White "Wilmot, Daniel"]
[Black "Swamy, Ashul"]
[Result "1-0"]
[WhiteElo "1821"]
[BlackElo "1677"]
[PlyCount "57"]
[GameId "2159094700622543"]
[EventDate "2025.03.23"]
[EventType "swiss"]
[EventRounds "5"]
[EventCountry "WLS"]
[WhiteTeam "The Full Ponty"]
[BlackTeam "North Cardiff B"]

1. d4 d5 2. Nc3 Nf6 3. Bf4 a6 4. e3 e6 5. Nf3 c5 6. a3 Nc6 7. Be2 Bd6 8. Ne5 Bxe5 9. Bxe5 Nxe5 10. dxe5 Nd7 11. f4 f6 12. Bg4 f5 13. Bf3 b6 14. O-O Bb7 15. b4 Rb8 16. b5 a5 17. Ne2 g6 18. c4 dxc4 19. Bxb7 Rxb7 20. Qd6 Nf8 21. Qc6+ Rd7 22. Rfd1 Ke7 23. Nc3 h6 24. Rxd7+ Nxd7 25. Rd1 Rh7 26. Qd6+ Ke8 27. Qxe6+ Kf8 28. Nd5 Rg7 29. Nf6 1-0

[Event "WCPL U-1850"]
[Site "Bridgend"]
[Date "2025.03.23"]
[Round "5.1"]
[Board "2"]
[White "Choung, James"]
[Black "Sulemani, Yusuf"]
[Result "1-0"]
[WhiteElo "1621"]
[BlackElo "1789"]
[PlyCount "79"]
[GameId "2159096209863386"]
[EventDate "2025.03.23"]
[EventType "swiss"]
[EventRounds "5"]
[EventCountry "WLS"]
[WhiteTeam "North Cardiff B"]
[BlackTeam "The Full Ponty"]

1. e4 e5 2. Nf3 Nc6 3. Bc4 Be7 4. d4 d6 5. dxe5 Nxe5 6. Nxe5 dxe5 7. O-O Qxd1 8. Rxd1 Bg4 9. f3 Bh5 10. Be3 Nf6 11. Nc3 c6 12. a4 O-O 13. a5 a6 14. Na4 Rad8 15. Nc5 Rxd1+ 16. Rxd1 Bxc5 17. Bxc5 Rc8 18. Bb6 Kf8 19. g4 Bg6 20. g5 Ng8 21. Rd7 f5 22. exf5 Bxf5 23. Rf7+ Ke8 24. Rxf5 Ne7 25. Rf7 h6 26. Bc5 Rc7 27. Rxg7 hxg5 28. Rxe7+ Rxe7 29. Bxe7 Kxe7 30. Kf2 Kd6 31. c3 Kc5 32. b3 b5 33. axb6 Kxb6 34. Ke3 a5 35. Bf7 Kc5 36. Ke4 Kd6 37. Kf5 Ke7 38. Bg8 g4 39. fxg4 Kd6 40. g5 1-0

[Event "WCPL U-1850"]
[Site "Bridgend"]
[Date "2025.03.23"]
[Round "5.1"]
[Board "3"]
[White "Jenney, Tomas"]
[Black "Zheng, Lucas"]
[Result "1/2-1/2"]
[WhiteElo "1427"]
[BlackElo "1617"]
[PlyCount "57"]
[GameId "2159098157548634"]
[EventDate "2025.03.23"]
[EventType "swiss"]
[EventRounds "5"]
[EventCountry "WLS"]
[WhiteTeam "The Full Ponty"]
[BlackTeam "North Cardiff B"]

1. e4 c5 2. d4 cxd4 3. c3 dxc3 4. Nxc3 d6 5. Bc4 Nc6 6. Nf3 Bg4 7. Bxf7+ Kd7 8. O-O Qa5 9. h3 Bxf3 10. Qxf3 Nf6 11. Rd1 Rd8 12. Bg5 Qxg5 13. h4 Qg4 14. Rd3 Qxf3 15. Rxf3 Ne5 16. Rxf6 gxf6 17. Bd5 e6 18. Bb3 Bh6 19. Rd1 Ke7 20. f3 Rhg8 21. Kf2 Bf4 22. Ne2 Bh6 23. Nd4 Rc8 24. Bxe6 Bf4 25. Bxg8 Rxg8 26. Nf5+ Kf7 27. g3 Bxg3+ 28. Nxg3 Rc8 29. Rd2 1/2-1/2

[Event "WCPL U-1850"]
[Site "Bridgend"]
[Date "2025.03.23"]
[Round "5.2"]
[Board "1"]
[White "Thomas, Kevin"]
[Black "Wagner, Guy"]
[Result "1/2-1/2"]
[WhiteElo "1840"]
[BlackElo "1829"]
[PlyCount "53"]
[GameId "2160370607514141"]
[EventDate "2025.03.23"]
[EventType "swiss"]
[EventRounds "5"]
[EventCountry "WLS"]
[WhiteTeam "Abergavenny"]
[BlackTeam "Cardiff Tigers"]

1. e4 e6 2. Nf3 d5 3. d3 dxe4 4. dxe4 Qxd1+ 5. Kxd1 Bc5 6. Ke1 Nf6 7. Bd3 Nbd7 8. Bf4 a6 9. Bxc7 b5 10. Nbd2 O-O 11. h3 Bb7 12. Ke2 Rac8 13. Bf4 Nh5 14. Be3 f5 15. exf5 exf5 16. Bxc5 Nxc5 17. Rhe1 Nf4+ 18. Kf1 Nfxd3 19. cxd3 Nxd3 20. Re7 Bxf3 21. Nxf3 Nxb2 22. Nd4 g6 23. g3 Nc4 24. Rae1 Rf7 25. R7e6 f4 26. g4 Rd8 27. Nf3 1/2-1/2

[Event "WCPL U-1850"]
[Site "Bridgend"]
[Date "2025.03.23"]
[Round "5.2"]
[Board "2"]
[White "Graczyk, Piotr"]
[Black "Dixon, Chris"]
[Result "0-1"]
[WhiteElo "1832"]
[BlackElo "1808"]
[PlyCount "99"]
[GameId "2159350841471050"]
[EventDate "2025.03.23"]
[EventType "swiss"]
[EventRounds "5"]
[EventCountry "WLS"]
[WhiteTeam "Cardiff Tigers"]
[BlackTeam "Abergavenny"]

1. f4 d5 2. Nf3 g6 3. d4 Bg7 4. e3 Nf6 5. c4 c6 6. Nc3 O-O 7. Bd2 Bf5 8. h3 Ne4 9. Nxe4 Bxe4 10. Ng5 e6 11. Nxe4 dxe4 12. h4 f5 13. h5 g5 14. h6 Bf6 15. fxg5 Bxg5 16. Qh5 Kh8 17. O-O-O Na6 18. Rh3 Qe7 19. Bc3 Bf6 20. Be2 Rg8 21. Rh2 Rg3 22. Bd2 Rag8 23. Bf1 Nc7 24. Qe2 a6 25. a3 b6 26. Bb4 c5 27. dxc5 bxc5 28. Be1 R3g6 29. Qc2 Rd8 30. Rxd8+ Qxd8 31. Ba5 Qd6 32. Rh3 Bg5 33. Qb3 Ne8 34. Qb7 f4 35. Bc3+ e5 36. Qxe4 Re6 37. exf4 Nf6 38. Qa8+ Re8 39. Qxe8+ Nxe8 40. fxg5 Kg8 41. Bd3 e4 42. Bc2 Qf4+ 43. Bd2 Qf1+ 44. Bd1 Qxc4+ 45. Kb1 Qd5 46. Kc1 Nd6 47. Rc3 Nc4 48. Bf4 e3 49. Bb3 Qd2+ 50. Kb1 0-1

[Event "WCPL U-1850"]
[Site "Bridgend"]
[Date "2025.03.23"]
[Round "5.2"]
[Board "3"]
[White "Allford, Zane"]
[Black "Harle, Bill"]
[Result "1/2-1/2"]
[Annotator "Home"]
[WhiteElo "1746"]
[BlackElo "1817"]
[PlyCount "98"]
[GameId "2159352409796693"]
[EventDate "2025.03.23"]
[EventType "swiss"]
[EventRounds "5"]
[EventCountry "WLS"]
[WhiteTeam "Abergavenny"]
[BlackTeam "Cardiff Tigers"]

1. e4 c6 2. Nc3 d5 3. Nf3 dxe4 4. Nxe4 Nf6 5. Qe2 Nxe4 6. Qxe4 Qd5 7. d3 Nd7 8. c4 Qxe4+ 9. dxe4 e5 10. Be3 Bb4+ 11. Nd2 O-O 12. O-O-O h6 13. a3 Ba5 14. b4 Bc7 15. c5 Nf6 16. f3 Be6 17. Bc4 Bxc4 18. Nxc4 a5 19. Bd2 axb4 20. Bxb4 Rfd8 21. Nd6 Bxd6 22. cxd6 Nd7 23. Rd3 c5 24. Bd2 Ra4 25. Be3 Rda8 26. Kb2 b6 27. Rhd1 c4 28. Rc3 b5 29. Rdc1 f6 30. f4 Kf7 31. f5 Ke8 32. h4 Kd8 33. g4 Kc8 34. g5 hxg5 35. hxg5 Kb7 36. Rg1 b4 37. axb4 Ra2+ 38. Kc1 Ra1+ 39. Kd2 R1a2+ 40. Rc2 Kc6 41. Bc5 Rxc2+ {(=)} 42. Kxc2 Nxc5 43. bxc5 Kxc5 44. gxf6 gxf6 45. Rg6 Kxd6 46. Rxf6+ Kc5 47. Re6 Kd4 48. f6 Ra2+ 49. Kb1 Rf2 1/2-1/2

[Event "WCPL U-1850"]
[Site "Bridgend"]
[Date "2025.03.23"]
[Round "5.2"]
[Board "4"]
[White "Fox, Chris"]
[Black "Horrell, Stephen A"]
[Result "0-1"]
[WhiteElo "1799"]
[BlackElo "1769"]
[PlyCount "86"]
[GameId "2159354138546272"]
[EventDate "2025.03.23"]
[EventType "swiss"]
[EventRounds "5"]
[EventCountry "WLS"]
[WhiteTeam "Cardiff Tigers"]
[BlackTeam "Abergavenny"]

1. c4 Nf6 2. Nc3 e6 3. d4 Bb4 4. Qc2 c5 5. e3 O-O 6. Nf3 Nc6 7. Be2 d5 8. dxc5 Bxc5 9. O-O b6 10. Rd1 Qe7 11. cxd5 exd5 12. Nxd5 Nxd5 13. Rxd5 Nb4 14. Qb3 Nxd5 15. Qxd5 Bb7 16. Qb3 Rad8 17. Qc2 Be4 18. Qa4 Bxf3 19. Bxf3 Qd7 20. Qc2 Qd3 21. Qxd3 Rxd3 22. e4 Rfd8 23. Bf4 f6 24. a3 g5 25. Bc7 R8d7 26. Bb8 Rd2 27. Bg3 Rxb2 28. h4 h6 29. hxg5 hxg5 30. Bg4 Rdd2 31. Be6+ Kf8 32. Rf1 Ke7 33. Bd5 a5 34. a4 Bd6 35. Bxd6+ Kxd6 36. Bc4 Ke5 37. g3 Kxe4 38. Re1+ Kd4 39. Bb5 Rxf2 40. Rd1+ Ke3 41. Rd3+ Ke4 42. Rd6 Ke3 43. Re6+ Kf3 0-1

[Event "WCPL U-1850"]
[Site "Bridgend"]
[Date "2025.03.23"]
[Round "5.3"]
[Board "1"]
[White "Smith, Andrew R"]
[Black "Kong, Emma Zihan"]
[Result "1-0"]
[WhiteElo "1779"]
[BlackElo "1772"]
[PlyCount "91"]
[GameId "2159355985080456"]
[EventDate "2025.03.23"]
[EventType "swiss"]
[EventRounds "5"]
[EventCountry "WLS"]
[WhiteTeam "Morriston Extra"]
[BlackTeam "Cardiff Rhelta"]

1. e4 e5 2. Nf3 Nc6 3. Bc4 Nf6 4. d3 Bc5 5. Bg5 d6 6. h3 Na5 7. Bb3 Nxb3 8. axb3 c6 9. O-O h6 10. Bh4 g5 11. Bg3 g4 12. hxg4 Bxg4 13. Bh4 Rg8 14. Kh1 Qe7 15. c3 Qe6 16. d4 Bh3 17. Rg1 exd4 18. cxd4 Bxd4 19. Nxd4 Bxg2+ 20. Rxg2 Qxe4 21. Qe2 Kd7 22. Qxe4 Nxe4 23. Nc3 Rxg2 24. Kxg2 Nc5 25. Na4 Rg8+ 26. Bg3 Ne4 27. Re1 d5 28. Nc3 Nd6 29. Kf3 c5 30. Nc2 d4 31. Ne4 Nxe4 32. Kxe4 Re8+ 33. Kd3 Rxe1 34. Nxe1 b5 35. Bb8 a6 36. Nf3 f6 37. Nd2 Kc6 38. Ke4 a5 39. f4 a4 40. f5 h5 41. Bg3 axb3 42. Nxb3 c4 43. Nxd4+ Kc5 44. Nc2 b4 45. Bf2+ Kb5 46. Kd4 1-0

[Event "WCPL U-1850"]
[Site "Bridgend"]
[Date "2025.03.23"]
[Round "5.3"]
[Board "2"]
[White "Farani Sani, Hamid"]
[Black "Jenkins, Roger"]
[Result "1-0"]
[Annotator "Home"]
[WhiteElo "1663"]
[BlackElo "1728"]
[PlyCount "66"]
[GameId "2159357895913618"]
[EventDate "2025.03.23"]
[EventType "swiss"]
[EventRounds "5"]
[EventCountry "WLS"]
[WhiteTeam "Cardiff Rhelta"]
[BlackTeam "Morriston Extra"]

{[%evp 0,66,11,-13,-26,-16,-25,-29,-16,2,-3,-8,-17,-18,-25,-45,-38,-64,-26,-32,-34,-61,-31,-40,-41,-59,-30,-57,-71,-84,-37,-66,-67,-59,-67,-85,-45,-37,-32,-52,-48,-65,-83,-49,-42,-44,3,-10,12,-1,28,40,84,308,148,114,165,146,160,346,166,251,248,73,236,150,121,252,1660]} 1. f4 d5 2. e3 Nf6 3. c4 c6 4. Nf3 Bf5 5. Qb3 Qb6 6. Qxb6 axb6 7. Nc3 e6 8. Nh4 Bg6 9. Nxg6 hxg6 10. cxd5 Nxd5 11. Nxd5 exd5 12. b3 Be7 13. d4 Nd7 14. Bd3 Nf6 15. Ke2 Ne4 16. Bxe4 dxe4 17. Bb2 f6 18. a4 Kf7 19. Rac1 Rad8 20. h3 Rd5 21. g4 f5 22. Bc3 c5 23. g5 Rhd8 24. Rhd1 cxd4 25. Rxd4 Rxd4 26. Bxd4 b5 27. axb5 Rd7 28. b6 Bb4 29. Rc7 Ke6 30. h4 Bf8 31. Kd1 Rxc7 32. bxc7 Kd7 33. Be5 Bd6 1-0

[Event "WCPL U-1850"]
[Site "Bridgend"]
[Date "2025.03.23"]
[Round "5.3"]
[Board "3"]
[White "Wardle, Ken"]
[Black "Enoch, Kristan"]
[Result "1/2-1/2"]
[WhiteElo "1650"]
[BlackElo "1613"]
[PlyCount "50"]
[GameId "2159359602835664"]
[EventDate "2025.03.23"]
[EventType "swiss"]
[EventRounds "5"]
[EventCountry "WLS"]
[WhiteTeam "Morriston Extra"]
[BlackTeam "Cardiff Rhelta"]

1. d4 d5 2. Nf3 Nf6 3. Bf4 Bf5 4. e3 e6 5. c3 c5 6. Bd3 Bxd3 7. Qxd3 Nc6 8. Nbd2 cxd4 9. exd4 Be7 10. O-O O-O 11. h3 h6 12. Rfe1 Re8 13. Ne5 Nxe5 14. Bxe5 Bd6 15. Qf3 Bxe5 16. Rxe5 Nd7 17. Re2 Qf6 18. Qxf6 Nxf6 19. f3 Nh5 20. Nf1 f6 21. Rd1 Rad8 22. Kf2 g5 23. Ng3 Nf4 24. Red2 Kf7 25. Ne2 Ng6 1/2-1/2

[Event "WCPL U-1850"]
[Site "Bridgend"]
[Date "2025.03.23"]
[Round "5.4"]
[Board "1"]
[White "Anandkumar, Govind"]
[Black "Jones, Huw"]
[Result "1-0"]
[Annotator "Home"]
[WhiteElo "1620"]
[BlackElo "1783"]
[PlyCount "69"]
[GameId "2159360683458779"]
[EventDate "2025.03.23"]
[EventType "swiss"]
[EventRounds "5"]
[EventCountry "WLS"]
[WhiteTeam "North Cardiff A"]
[BlackTeam "White Knights"]

{[%evp 0,63,17,21,-25,40,45,40,43,46,51,115,56,4,-7,1,65,58,80,106,103,105,84,4,119,188,60,31,152,127,108,172,119,70,159,159,151,221,246,314,280,273,324,352,380,345,366,410,471,521,493,527,518,495,345,526,620,569,627,632,678,541,726,727,763,695]} 1. e4 d5 2. exd5 Nf6 3. d4 Bg4 4. f3 Bf5 5. c4 e6 6. dxe6 Nc6 7. Be3 Bb4+ 8. Nc3 fxe6 9. Nge2 O-O 10. Ng3 Bg6 11. Bd3 Bxd3 12. Qxd3 e5 13. d5 Nd4 14. Bxd4 exd4 15. Qxd4 Re8+ 16. Nge2 Qe7 17. O-O-O Bc5 18. Qd3 Be3+ 19. Kb1 Bh6 20. Nd4 Qb4 21. Ne6 c6 22. g4 cxd5 23. Nxd5 Nxd5 24. Qxd5 Kh8 25. Nc7 g6 26. Nxa8 Bg7 27. Qb5 Qxb5 28. cxb5 Rxa8 29. Rd7 h5 30. Rhd1 Bf6 31. Rxb7 Re8 32. gxh5 gxh5 33. Rxa7 Re2 34. b3 Rxh2 35. b6 1-0

[Event "WCPL U-1850"]
[Site "Bridgend"]
[Date "2025.03.23"]
[Round "5.4"]
[Board "2"]
[White "Daniel, Chris"]
[Black "Belochkin, David"]
[Result "1-0"]
[WhiteElo "1791"]
[BlackElo "1459"]
[PlyCount "49"]
[GameId "2159361976328423"]
[EventDate "2025.03.23"]
[EventType "swiss"]
[EventRounds "5"]
[EventCountry "WLS"]
[WhiteTeam "White Knights"]
[BlackTeam "North Cardiff A"]

1. Nf3 d5 2. d4 Bf5 3. e3 Nf6 4. c4 e6 5. Qb3 b6 6. Ne5 Qc8 7. cxd5 exd5 8. Nc3 Qb7 9. Bd2 Nbd7 10. Bb5 O-O-O 11. Nxf7 Re8 12. Nxh8 Bd6 13. Nf7 a6 14. Nxd6+ cxd6 15. Bxd7+ Kxd7 16. Rc1 Bd3 17. Nxd5 Qxd5 18. Qxd3 Qxg2 19. Qf5+ Ke7 20. Rc7+ Kf8 21. Rf1 Qxh2 22. Qg5 Nh5 23. Rg1 Re6 24. Qf5+ Rf6 25. Qc8# 1-0

[Event "WCPL U-1850"]
[Site "Bridgend"]
[Date "2025.03.23"]
[Round "5.4"]
[Board "3"]
[White "Bartlett-Davis, Otto"]
[Black "Harper, Gareth"]
[Result "1-0"]
[WhiteElo "1406"]
[BlackElo "1717"]
[PlyCount "57"]
[GameId "2159363036942600"]
[EventDate "2025.03.23"]
[EventType "swiss"]
[EventRounds "5"]
[EventCountry "WLS"]
[WhiteTeam "North Cardiff A"]
[BlackTeam "White Knights"]

1. d4 Nf6 2. c4 e6 3. Nc3 Bb4 4. Bd2 d5 5. a3 Bxc3 6. Bxc3 O-O 7. e3 b6 8. Bb4 Re8 9. c5 Bb7 10. cxb6 axb6 11. Bd3 Ba6 12. Ne2 Bxd3 13. Qxd3 Na6 14. Bc3 Ne4 15. Ng3 Nxc3 16. bxc3 c5 17. O-O c4 18. Qd1 Qd6 19. Qg4 g6 20. Qg5 Qf8 21. Nh5 h6 22. Nf6+ Kh8 23. Qe5 Re7 24. Nxd5+ f6 25. Nxe7 Qxe7 26. Qb5 Nc7 27. Qxb6 Nd5 28. Qc6 Nxc3 29. Qxa8+ 1-0

[Event "WCPL Open"]
[Site "Bridgend"]
[Date "2025.03.23"]
[Round "4.2"]
[White "Mba, Reginald"]
[Black "Gibbons, Andrew D"]
[Result "0-1"]
[Annotator "Home"]
[WhiteElo "1856"]
[BlackElo "1939"]
[PlyCount "126"]
[GameId "2159737807238391"]
[EventDate "2025.03.23"]
[EventType "team-tourn"]
[EventRounds "5"]
[EventCountry "WLS"]
[WhiteTeam "Cardiff"]
[BlackTeam "Morriston Argonauts"]

{[%evp 0,14,11,26,10,26,51,30,-13,15,15,-9,1,0,5,6,24]} 1. c4 c5 2. Nc3 g6 3. g3 Bg7 4. Bg2 Nc6 5. e4 e5 6. Nge2 d6 7. d3 Be6 8. Be3 Nf6 9. h3 O-O 10. O-O Nd4 11. f4 Qd7 12. Kh2 Ne8 13. Qd2 Rb8 14. Ng1 exf4 15. gxf4 f5 16. Nd5 b5 17. Rab1 b4 18. b3 Nc7 19. Nf3 Nxf3+ 20. Rxf3 Bxd5 21. exd5 Bc3 22. Qc2 Qg7 23. Bd2 Bd4 24. Bc1 Rbe8 25. Bb2 Re7 26. Bxd4 Qxd4 27. Qf2 Rfe8 28. Qxd4 cxd4 29. Bf1 Na6 30. Kg2 Nc5 31. Kf2 Kg7 32. Rd1 a5 33. Rb1 Kf6 34. h4 Re3 35. Rxe3 Rxe3 36. Re1 Rxe1 37. Kxe1 h6 38. Be2 g5 39. hxg5+ hxg5 40. fxg5+ Kxg5 41. Kf2 Kf4 42. Bf1 a4 43. bxa4 Nxa4 44. Be2 Ke5 45. Bd1 Nc5 46. Be2 Kf4 47. Bf1 Na4 48. Bg2 Ke5 49. Ke1 Kf4 50. Bh3 Ke5 51. Kd2 f4 52. Kc2 Nc5 53. Bg2 Kf5 54. Bf3 Kg5 55. Kd2 Kh4 56. Ke2 Kg3 57. Bh1 Nd7 58. Be4 Ne5 59. Bf5 f3+ 60. Kf1 Kf4 61. Be4 Ke3 62. Bf5 f2 63. c5 Nf3 0-1